|
|
|
|
| LEADER |
02705nam a22005175i 4500 |
| 001 |
978-3-319-18672-6 |
| 003 |
DE-He213 |
| 005 |
20151204171400.0 |
| 007 |
cr nn 008mamaa |
| 008 |
150702s2016 gw | s |||| 0|eng d |
| 020 |
|
|
|a 9783319186726
|9 978-3-319-18672-6
|
| 024 |
7 |
|
|a 10.1007/978-3-319-18672-6
|2 doi
|
| 040 |
|
|
|d GrThAP
|
| 050 |
|
4 |
|a HD30.23
|
| 072 |
|
7 |
|a KJT
|2 bicssc
|
| 072 |
|
7 |
|a KJMD
|2 bicssc
|
| 072 |
|
7 |
|a BUS049000
|2 bisacsh
|
| 082 |
0 |
4 |
|a 658.40301
|2 23
|
| 100 |
1 |
|
|a Zeng, Shuo.
|e author.
|
| 245 |
1 |
0 |
|a Formulating Principal-Agent Service Contracts for a Revenue Generating Unit
|h [electronic resource] /
|c by Shuo Zeng, Moshe Dror.
|
| 264 |
|
1 |
|a Cham :
|b Springer International Publishing :
|b Imprint: Springer,
|c 2016.
|
| 300 |
|
|
|a IX, 129 p. 37 illus.
|b online resource.
|
| 336 |
|
|
|a text
|b txt
|2 rdacontent
|
| 337 |
|
|
|a computer
|b c
|2 rdamedia
|
| 338 |
|
|
|a online resource
|b cr
|2 rdacarrier
|
| 347 |
|
|
|a text file
|b PDF
|2 rda
|
| 490 |
1 |
|
|a SpringerBriefs in Operations Management
|
| 505 |
0 |
|
|a Introduction -- The Basic Principal-Agent -- Risk-Neutral Agent -- Risk-Averse Agent -- Risk-Seeking Agent -- Summary.
|
| 520 |
|
|
|a This book examines contractual options for a performance based contract between an owner of a revenue generating unit and a repair agent for such unit. The framework of the analysis is that of economists' principal-agent problem. The contractual options of a principal and an agent are modeled as a Markov process with an undetermined time horizon. For a risk neutral principal, the authors identify the conditions under which a principal contracts with a risk-neutral, risk-averse, or risk-seeking agent and derive the principal's optimal offer together with the agent's optimal service capacity response. In essence, the book provides an extensive formulating analysis of principal-agent contracts given any exogenous parameter values. Ultimately a small number of formulas cover a large spectrum of principal-agent conditions.
|
| 650 |
|
0 |
|a Business.
|
| 650 |
|
0 |
|a Transportation.
|
| 650 |
|
0 |
|a Operations research.
|
| 650 |
|
0 |
|a Decision making.
|
| 650 |
|
0 |
|a Management science.
|
| 650 |
1 |
4 |
|a Business and Management.
|
| 650 |
2 |
4 |
|a Operation Research/Decision Theory.
|
| 650 |
2 |
4 |
|a Operations Research, Management Science.
|
| 650 |
2 |
4 |
|a Transportation.
|
| 700 |
1 |
|
|a Dror, Moshe.
|e author.
|
| 710 |
2 |
|
|a SpringerLink (Online service)
|
| 773 |
0 |
|
|t Springer eBooks
|
| 776 |
0 |
8 |
|i Printed edition:
|z 9783319186719
|
| 830 |
|
0 |
|a SpringerBriefs in Operations Management
|
| 856 |
4 |
0 |
|u http://dx.doi.org/10.1007/978-3-319-18672-6
|z Full Text via HEAL-Link
|
| 912 |
|
|
|a ZDB-2-BUM
|
| 950 |
|
|
|a Business and Management (Springer-41169)
|